All American Car Models - Statistics

General Stats
  • This quiz has been taken 355 times
    201 since last reset
  • The average score is 86 of 388
Answer Stats
Make Model % Correct
Pontiac Firebird
78%
Ford Mustang
76%
Dodge Charger
73%
Cadillac Escalade
73%
Ford EXP
73%
Ford F-150
73%
Ford Fiesta
69%
Ford Focus
69%
Dodge Ram
69%
HUMMER H3
67%
Chrysler 300
65%
Dodge Challenger
65%
Ford Explorer
65%
HUMMER H1
65%
HUMMER H2
65%
Chevy Impala
65%
Chevy Corvette
63%
Chevy Camaro
61%
Jeep Cherokee
61%
Jeep Wrangler
61%
Dodge Durango
59%
Ford Escort
57%
Ford Expedition
55%
Ford Fusion
55%
Lincoln Navigator
53%
Chevy Silverado
53%
Ford Taurus
53%
Jeep Grand Cherokee
51%
GMC Sierra
51%
Lincoln Continental
49%
Oldsmobile Cutlass
49%
Cadillac De Ville
49%
Chevy Malibu
49%
Chevy Blazer
47%
Chevy Chevelle
47%
Ford Crown Victoria
47%
Cadillac Eldorado
47%
AMC Gremlin
47%
AMC Pacer
47%
Ford Ranger
47%
Saturn Sky
47%
Ford Bronco
45%
Dodge Caravan
45%
Cadillac CTS
45%
Dodge Dart
45%
Pontiac GTO
45%
Chrysler 200
43%
Chrysler Sebring
43%
Cadillac Seville
43%
Ford Thunderbird
43%
Chrysler Town & Country
43%
Dodge Viper
43%
Mercury Cougar
41%
Ford Escape
41%
Ford Falcon
41%
Ford Model T
41%
Chevy Suburban
41%
Jeep Compass
39%
Chevy Cruze
39%
Cadillac CT4
39%
Cadillac CT5
39%
Cadillac CT6
39%
Chevy Equinox
39%
Saturn Ion
39%
Plymouth Prowler
39%
Chevy Trailblazer
39%
Plymouth Voyager
39%
Jeep Wagoneer
39%
Dodge Avenger
37%
Mercury Capri
37%
Mercury Grand Marquis
37%
Chevy Tahoe
37%
GMC Yukon
37%
Chevy Bel Air
35%
Chevy Colorado
35%
AMC Eagle
35%
Ford Maverick
35%
Dodge Neon
35%
Chrysler Pacifica
35%
Buick Regal
35%
Jeep Renegade
35%
Eagle Talon
35%
Plymouth Barracuda
33%
Chevy Chevette
33%
Chevy El Camino
33%
Buick Encore
33%
Ford Fairlane
33%
Dodge Grand Caravan
33%
Dodge Journey
33%
Chrysler LeBaron
33%
Chevy Traverse
33%
Saturn Vue
33%
Oldsmobile Alero
31%
Pontiac Aztek
31%
Pontiac Grand Am
31%
Buick LeSabre
31%
Ford Model A
31%
Lincoln Town Car
31%
Chevy Trax
31%
GMC Acadia
29%
Dodge Aspen
29%
Chevy Cavalier
29%
Cadillac DTS
29%
Ford Excursion
29%
Pontiac G6
29%
Ford GT40
29%
Lincoln Nautilus
29%
Chevy Nova
29%
Chrysler PT Cruiser
29%
Pontiac Solstice
29%
Chevy Sonic
29%
Dodge Stratus
29%
Oldsmobile Toronado
29%
Chevy Tracker
29%
Ford Transit
29%
Cadillac XTS
29%
Cadillac Allanté
27%
Pontiac Bonneville
27%
Dodge Caliber
27%
Dodge Colt
27%
AMC Concord
27%
Dodge Dakota
27%
Ford Galaxie
27%
Pontiac Grand Prix
27%
AMC Hornet
27%
Dodge Intrepid
27%
AMC Javelin
27%
Pontiac LeMans
27%
Dodge Magnum
27%
Chevy Monte Carlo
27%
Jeep Patriot
27%
Buick Riviera
27%
GMC Terrain
27%
Cadillac ATS
24%
Jeep Commander
24%
Dodge Daytona
24%
Cadillac Fleetwood
24%
Pontiac G8
24%
Jeep Grand Wagoneer
24%
Ford LTD
24%
Mercury Montego
24%
Chrysler New Yorker
24%
Ford Pinto
24%
Plymouth Roadrunner
24%
Buick Skylark
24%
Chevy Spark
24%
Chevy Volt
24%
Saturn Astra
22%
Chevy Aveo
22%
Plymouth Breeze
22%
Chevy Caprice
22%
Oldsmobile Cutlass Supreme
22%
Ford Econoline
22%
Ford EcoSport
22%
Buick Envision
22%
Plymouth Fury
22%
Buick Lacrosse
22%
Chevy Metro
22%
Lincoln MKX
22%
Lincoln MKZ
22%
Dodge Stealth
22%
Eagle Vision
22%
Ford Windstar
22%
Ford Aspire
20%
Lincoln Aviator
20%
Chevy Bolt
20%
GMC Canyon
20%
Jeep Comanche
20%
Ford Contour
20%
Cadillac Coupe De Ville
20%
Ford Edsel
20%
Ford Festiva
20%
GMC Jimmy
20%
Chrysler Laser
20%
Lincoln MKT
20%
Dodge Monaco
20%
Dodge Omni
20%
Ford Ranchero
20%
Chevy S-10
20%
Mercury Sable
20%
Ford Super Duty
20%
Chevy Astro
18%
Saturn Aura
18%
Cadillac Cimarron
18%
Chevy Cobalt
18%
Dodge Coronet
18%
Dodge Demon
18%
Buick Enclave
18%
Ford Fairmont
18%
Jeep Gladiator
18%
Lincoln LS
18%
Mercury Marauder
18%
Lincoln MKC
18%
Mercury Monterey
18%
Saturn S-Series
18%
Pontiac Sunbird
18%
Ford Tempo
18%
Ford Torino
18%
Cadillac XLR
18%
Ford Aerostar
16%
AMC AMX
16%
Oldsmobile Aurora
16%
Oldsmobile Bravada
16%
Chevy C-10
16%
Pontiac Catalina
16%
Buick Century
16%
Chevy Corvair
16%
Plymouth Duster
16%
Ford Flex
16%
Ford Freestar
16%
Ford Gran Torino
16%
Chevy HHR
16%
Chrysler Imperial
16%
Chevy Lumina
16%
Mercury Marquis
16%
Lincoln MKS
16%
Oldsmobile Omega
16%
Buick Park Avenue
16%
Saturn Relay
16%
GMC Savana
16%
Oldsmobile Silhouette
16%
Chevy Sprint
16%
Cadillac STS
16%
Pontiac Tempest
16%
Plymouth Valiant
16%
Pontiac Vibe
16%
Dodge Aries
14%
Chevy Citation
14%
Jeep CJ
14%
Chevy Express
14%
Ford Five Hundred
14%
Pontiac G3
14%
Ford Ka
14%
Saturn L-Series
14%
Pontiac Montana
14%
Pontiac Phoenix
14%
Chevy Prizm
14%
Plymouth Scamp
14%
Buick Skyhawk
14%
AMC | Dodge Spirit
14%
Chevy SSR
14%
Pontiac Sunfire
14%
GMC Typhoon
14%
Pontiac Ventura
14%
Chevy Venture
14%
Jeep Willys
14%
Plymouth Acclaim
12%
Chevy Biscayne
12%
Cadillac Brougham
12%
Plymouth Caravelle
12%
Cadillac Catera
12%
Chrysler Cirrus
12%
Chrysler Cordoba
12%
Chrysler Crossfire
12%
Oldsmobile Delta 88
12%
Dodge Diplomat
12%
GMC Envoy
12%
Ford Freestyle
12%
Jeep Liberty
12%
Chevy Monza
12%
Mercury Mountaineer
12%
Mercury Mystique
12%
Oldsmobile Ninety-Eight
12%
Saturn Outlook
12%
Pontiac Parisienne
12%
Ford Probe
12%
Plymouth Reliant
12%
Plymouth Savoy
12%
Dodge St. Regis
12%
Dodge Super Bee
12%
Mercury Tracer
12%
Lincoln Zephyr
12%
Chrysler 300M
10%
AMC Ambassador
10%
Plymouth Belvedere
10%
Lincoln Blackwood
10%
Ford C-Max
10%
Mercury Comet
10%
Lincoln Corsair
10%
Ford Cortina
10%
Oldsmobile Cutlass Ciera
10%
Buick Electra
10%
Plymouth Grand Voyager
10%
Mercury Milan
10%
Dodge Mirada
10%
Chrysler Newport
10%
Dodge Polara
10%
Dodge Raider
10%
Dodge Shadow
10%
GMC Sonoma
10%
Cadillac SRX
10%
Plymouth Sundance
10%
Mercury Topaz
10%
Pontiac Torrent
10%
Pontiac Trans Sport
10%
Chevy | GMC Vandura
10%
Mercury Villager
10%
Plymouth Volaré
10%
Ford Bronco Sport
8%
Chevy Celebrity
8%
Chrysler Fifth Avenue
8%
Ford Granada
8%
Plymouth Gran Fury
8%
Buick GSX
8%
Oldsmobile Intrigue
8%
Buick Lucerne
8%
Mercury Lynx
8%
Lincoln Mark VIII
8%
AMC Matador
8%
Eagle Medallion
8%
AMC Rebel
8%
GMC Safari
8%
GMC Syclone
8%
Ford Bronco II
6%
Chevy Cheyenne
6%
Chevy Corsica
6%
Oldsmobile Cutlass Calais
6%
Dodge Dynasty
6%
Pontiac Fiero
6%
Oldsmobile Firenza
6%
Buick Invicta
6%
Dodge Lancer
6%
Chevy LUV
6%
Plymouth Plaza
6%
Eagle Premier
6%
Dodge Ram Van
6%
Buick Rendezvous
6%
Buick Roadmaster
6%
Chrysler Saratoga
6%
Plymouth Satellite
6%
Buick Somerset
6%
Eagle Summit
6%
Buick Terraza
6%
Eagle Vista
6%
Pontiac 6000
4%
Oldsmobile Achieva
4%
Mercury Bobcat
4%
GMC Caballero
4%
Chrysler Concorde
4%
Oldsmobile Cutlass Salon
4%
Ford F-150 Raptor
4%
Plymouth Horizon
4%
Chrysler LHS
4%
Mercury Meteor
4%
Ford Mustang Mach E
4%
Oldsmobile Starfire
4%
Chevy Vega
4%
Buick Verano
4%
Ford Aeromax
2%
Chevy Beretta
2%
Pontiac Chieftain
2%
Ford Courier
2%
Oldsmobile Custom Cruiser
2%
Ford Elite
2%
Ford Escort ZX2
2%
Ford Explorer Sport Trac
2%
Ford F-150 Lightning
2%
Pontiac Firefly
2%
Ford Futura
2%
Mercury Mariner
2%
Mercury Monarch
2%
Pontiac Polaris
2%
GMC Rally
2%
Buick Reatta
2%
Chevy Spectrum
2%
GMC TopKick
2%
Lincoln Versailles
2%
Oldsmobile Vista Cruiser
2%
Buick Wildcat
2%
Pontiac Banshee
0%
GMC Brigadier
0%
Jeep Commando
0%
Chrysler Conquest
0%
GMC C-Series
0%
Oldsmobile Eighty-Eight Royale
0%
Buick Estate
0%
GMC General
0%
Chevy Kingsman
0%
Chevy Kodiak
0%
Ford Louisville
0%
Ford LTD II
0%
Buick Rainier
0%
Buick Regal Grand National
0%
GMC S-15
0%
Chevy Townsman
0%
Plymouth Turismo
0%
No matching quizzes found
Score Distribution
Percent of People with Each Score
Percentile by Number Answered
Your Score History
You have not taken this quiz since the last reset